000
00175nam a2200073Ia 4500
008
170620s9999 xx 000 0 und d
100
_a
Choudhary
245
0
_a
BAL VIKAS KE MANOVEGYANIC ADHAR
260
_b
APOLO
999
_c
26930
_d
26930